000 00412nam a2200133Ia 4500
008 100328s9999 xx 000 0 und d
082 _b50428
100 _aमुळ्ये प्रदीप-संपा.
245 _aते आणि आम्ही.
260 _bअविष्कार
630 _aते आणि आम्ही.
730 _aते आणि आम्ही.
942 _cBOOK
999 _c537568
_d537565